[Event "World-chT Rapid"]
[Site "Duesseldorf"]
[Date "2023.08.26"]
[Round "4.14"]
[White "Schwarz, Dietmar"]
[Black "Bartelt, Max Peter"]
[Result "0-1"]
[WhiteElo "1833"]
[BlackElo "2025"]
[PlyCount "54"]
[EventDate "2023.08.26"]
[EventType "team-swiss (rapid)"]
[EventRounds "12"]
[EventCountry "GER"]
[SourceTitle "CBM 215 Extra"]
[Source "ChessBase"]
[SourceDate "2023.09.30"]
[SourceVersion "1"]
[SourceVersionDate "2023.09.30"]
[SourceQuality "1"]
[WhiteTeam "Neustadt Weinstrasse"]
[BlackTeam "Wensing & Poebel"]
[WhiteTeamCountry "GER"]
[BlackTeamCountry "GER"]

1. e4 e6 2. d4 d5 3. exd5 exd5 4. Bd3 Bd6 5. c3 Nc6 6. Be3 Be6 7. Nf3 Nge7 8. Qc2 h6 9. Nbd2 Qd7 10. a3 a6 11. c4 dxc4 12. Nxc4 0-0 13. Rd1 Nd5 14. Nxd6 Qxd6 15. 0-0 Rad8 16. Rfe1 Bg4 17. Be2 Rfe8 18. Qc1 Qf6 19. h3 Bh5 20. g4 Bg6 21. g5 Qe6 22. gxh6 Nxe3 23. fxe3 Qxh3 24. hxg7 Qg3+ 25. Kf1 Be4 26. Rd2 Rd6 27. Qd1 Rh6 0-1

[Event "World-chT Rapid"]
[Site "Duesseldorf"]
[Date "2023.08.26"]
[Round "1.15"]
[White "Schwarz, Dietmar"]
[Black "Veinberg, Nimrod"]
[Result "0-1"]
[WhiteElo "1833"]
[BlackElo "2417"]
[PlyCount "82"]
[EventDate "2023.08.26"]
[EventType "team-swiss (rapid)"]
[EventRounds "12"]
[EventCountry "GER"]
[SourceTitle "CBM 215 Extra"]
[Source "ChessBase"]
[SourceDate "2023.09.30"]
[SourceVersion "1"]
[SourceVersionDate "2023.09.30"]
[SourceQuality "1"]
[WhiteTeam "Neustadt Weinstrasse"]
[BlackTeam "Rishon Le Zion"]
[WhiteTeamCountry "GER"]
[BlackTeamCountry "ISR"]

1. e4 e5 2. Nf3 Nc6 3. d4 exd4 4. Nxd4 Nf6 5. Nc3 Bb4 6. Nxc6 bxc6 7. Bd3 d5 8. exd5 cxd5 9. Bd2 0-0 10. 0-0 Rb8 11. b3 Bg4 12. Be2 Bf5 13. a3 Bd6 14. Bf3 Be5 15. Rc1 Qd6 16. g3 d4 17. Ne2 Qxa3 18. Bf4 Bxf4 19. Nxf4 Rfd8 20. Nd3 Qd6 21. Re1 Re8 22. Rxe8+ Rxe8 23. Qd2 h6 24. Re1 Rxe1+ 25. Nxe1 Ne4 26. Bxe4 Bxe4 27. f3 Bb7 28. c3 dxc3 29. Qxc3 Qd1 30. Kf2 Ba6 31. Qe3 c5 32. Qe8+ Kh7 33. Qe4+ g6 34. Qe3 Bb5 35. h4 h5 36. g4 hxg4 37. fxg4 Qxg4 38. Nf3 Qf5 39. Kg1 Kg8 40. Kf2 Bc6 41. Ke2 Qxf3+ 0-1

[Event "Pfalz op-B 11th"]
[Site "Neustadt an der Weinstrasse"]
[Date "2020.02.24"]
[Round "7"]
[White "Niebel, Guido"]
[Black "Schwarz, Dietmar"]
[Result "0-1"]
[WhiteElo "1711"]
[BlackElo "1839"]
[PlyCount "126"]
[EventDate "2020.02.21"]
[EventType "swiss"]
[EventRounds "7"]
[EventCountry "GER"]
[SourceTitle "CBM 195 Extra"]
[Source "ChessBase"]
[SourceDate "2020.05.31"]
[SourceVersion "1"]
[SourceVersionDate "2020.05.31"]
[SourceQuality "1"]

1. e4 c6 2. d4 d5 3. Nc3 dxe4 4. Nxe4 Bf5 5. Ng3 Bg6 6. Nh3 e6 7. Nf4 Bd6 8. Nxg6 hxg6 9. f4 Nf6 10. Qf3 Nbd7 11. Bd2 Qb6 12. 0-0-0 Rc8 13. Ne2 c5 14. dxc5 Nxc5 15. Nc3 a6 16. Be3 Qc7 17. Bd3 Nxd3+ 18. Rxd3 Nd5 19. g3 b5 20. Qd1 Nxe3 21. Rxe3 0-0 22. Rd3 Rfd8 23. Qd2 Bb4 24. Rd1 Rxd3 25. Qxd3 Qa5 26. Kb1 Bxc3 27. bxc3 Qa3 28. c4 Qb4+ 29. Qb3 Rxc4 30. Rd8+ Kh7 31. Qxb4 Rxb4+ 32. Kc1 g5 33. fxg5 Kg6 34. Rd7 Re4 35. Kd2 Ra4 36. h4 f6 37. gxf6 Kxf6 38. Rd3 Rxa2 39. Rf3+ Ke7 40. Rc3 Ra4 41. Ke2 Rd4 42. Ra3 Rd6 43. Ke3 Rc6 44. c3 Kd6 45. g4 Ke5 46. Kf3 a5 47. Rb3 Rc5 48. Ke3 a4 49. Ra3 Rc4 50. Kf3 Rf4+ 51. Kg3 Rc4 52. Kf3 Kd5 53. h5 e5 54. g5 Rh4 55. h6 gxh6 56. g6 Rf4+ 57. Ke3 Rg4 58. c4+ Rxc4 59. Kf2 Rc8 60. Rg3 Rg8 61. Ke2 b4 62. Kd2 e4 63. g7 Ke5 0-1

[Event "Pfalz op-B 11th"]
[Site "Neustadt an der Weinstrasse"]
[Date "2020.02.23"]
[Round "4"]
[White "Schwarz, Dietmar"]
[Black "Strieck, Christian"]
[Result "1-0"]
[WhiteElo "1839"]
[BlackElo "1672"]
[PlyCount "23"]
[EventDate "2020.02.21"]
[EventType "swiss"]
[EventRounds "7"]
[EventCountry "GER"]
[SourceTitle "CBM 195 Extra"]
[Source "ChessBase"]
[SourceDate "2020.05.31"]
[SourceVersion "1"]
[SourceVersionDate "2020.05.31"]
[SourceQuality "1"]

1. e4 e6 2. d4 d5 3. exd5 exd5 4. Bd3 Nc6 5. c3 Bd6 6. Be3 Nge7 7. Qc2 Be6 8. Ne2 Qd7 9. Nf4 Bf5 10. Bxf5 Nxf5 11. Nxd5 Bxh2 12. Qe4+ 1-0

[Event "Pfalz op-B 9th"]
[Site "Neustadt an der Weinstrasse"]
[Date "2018.02.12"]
[Round "7"]
[White "Ponomarev, Maximilian"]
[Black "Schwarz, Dietmar"]
[Result "0-1"]
[WhiteElo "1778"]
[BlackElo "1853"]
[PlyCount "134"]
[EventDate "2018.02.09"]
[EventType "swiss"]
[EventRounds "7"]
[EventCountry "GER"]
[SourceTitle "CBM 182 Extra"]
[Source "ChessBase"]
[SourceDate "2018.02.23"]
[SourceVersion "1"]
[SourceVersionDate "2018.02.23"]
[SourceQuality "1"]

1. e4 g6 2. d4 Bg7 3. Nf3 d6 4. Nc3 Nc6 5. Be3 e5 6. dxe5 Nxe5 7. Nxe5 Bxe5 8. Bd4 Bxd4 9. Qxd4 Qf6 10. Qe3 Be6 11. 0-0-0 a6 12. Be2 Ne7 13. f4 0-0-0 14. Bf3 Bd7 15. g3 Kb8 16. Ne2 Rhe8 17. Qb3 Qe6 18. Qa3 Nc6 19. Rd3 Qc4 20. Rc3 Qb4 21. Rd1 Qxa3 22. Rxa3 Na7 23. Nd4 Nb5 24. Rb3 Nxd4 25. Rxd4 Bc6 26. Be2 Ka7 27. Re3 Rd7 28. Kd2 Rde7 29. Kd3 f5 30. e5 dxe5 31. fxe5 Rxe5 32. Rxe5 Rxe5 33. c4 b5 34. Kd2 Kb6 35. Rd8 Re7 36. a3 Rd7+ 37. Rxd7 Bxd7 38. cxb5 axb5 39. Ke3 Kc5 40. b4+ Kd5 41. Kd3 Ke5 42. Ke3 g5 43. Bf3 f4+ 44. Kd3 Be6 45. Kc3 Bd5 46. gxf4+ gxf4 47. Be2 c6 48. Bd3 f3 49. Kd2 Be4 50. Bf1 Kd4 51. h3 h6 52. h4 Bf5 53. Kd1 Kc3 54. Ke1 Kb3 55. Kf2 Be4 56. Ke3 Bd5 57. Kf4 Kxa3 58. Kf5 Kxb4 59. Kg6 Kc3 60. Kxh6 b4 61. Kg7 b3 62. h5 Be4 63. h6 b2 64. Bd3 Bxd3 65. h7 Bxh7 66. Kxh7 b1Q+ 67. Kg7 f2 0-1

[Event "Pfalz op-B 9th"]
[Site "Neustadt an der Weinstrasse"]
[Date "2018.02.10"]
[Round "2"]
[White "Schwarz, Dietmar"]
[Black "Floren, Dieter"]
[Result "0-1"]
[WhiteElo "1853"]
[BlackElo "1739"]
[PlyCount "44"]
[EventDate "2018.02.09"]
[EventType "swiss"]
[EventRounds "7"]
[EventCountry "GER"]
[SourceTitle "CBM 182 Extra"]
[Source "ChessBase"]
[SourceDate "2018.02.23"]
[SourceVersion "1"]
[SourceVersionDate "2018.02.23"]
[SourceQuality "1"]

1. e4 e5 2. Bc4 Nc6 3. Nf3 Nf6 4. Ng5 d5 5. exd5 Na5 6. Bb5+ c6 7. dxc6 bxc6 8. Be2 h6 9. Nf3 e4 10. Ne5 Bd6 11. d4 Qc7 12. f4 exf3 13. Nxf3 Be6 14. b3 0-0 15. c4 Rad8 16. Qc2 Rfe8 17. Nbd2 Bg4 18. Kf2 Bh5 19. h3 Bg3+ 20. Kf1 Bg6 21. Bd3 Qe7 22. Bb2 Qe3 0-1

[Event "Pfalz op-B 9th"]
[Site "Neustadt an der Weinstrasse"]
[Date "2018.02.09"]
[Round "1"]
[White "Zwissler, Erich"]
[Black "Schwarz, Dietmar"]
[Result "0-1"]
[WhiteElo "1670"]
[BlackElo "1853"]
[PlyCount "82"]
[EventDate "2018.02.09"]
[EventType "swiss"]
[EventRounds "7"]
[EventCountry "GER"]
[SourceTitle "CBM 182 Extra"]
[Source "ChessBase"]
[SourceDate "2018.02.23"]
[SourceVersion "1"]
[SourceVersionDate "2018.02.23"]
[SourceQuality "1"]

1. d4 Nf6 2. c4 g6 3. Nc3 Bg7 4. e4 d6 5. f3 0-0 6. Bd3 c5 7. Nge2 cxd4 8. Nxd4 Nc6 9. Nxc6 bxc6 10. Qc2 Qc7 11. 0-0 Bb7 12. Re1 Nd7 13. Be3 Ne5 14. Be2 Ba6 15. b3 Rfd8 16. Red1 Rac8 17. f4 Nd7 18. Rd2 Nf6 19. Bf3 Rb8 20. Rc1 Bc8 21. Qd1 h5 22. h3 Ne8 23. g4 hxg4 24. hxg4 e6 25. Qc2 Qe7 26. Rh2 d5 27. Nb1 d4 28. Bf2 c5 29. Qd3 e5 30. f5 gxf5 31. gxf5 Qg5+ 32. Bg2 Qxc1+ 33. Bf1 Rd6 34. Nd2 Qc3 35. Qe2 Rbb6 36. Be1 Qe3+ 37. Qf2 Rh6 38. Nf3 Rxh2 39. Nxh2 Qxf2+ 40. Bxf2 Nf6 41. Bd3 Bb7 0-1

[Event "Pfalz op-B 8th"]
[Site "Neustadt an der Weinstrasse"]
[Date "2017.02.26"]
[Round "5"]
[White "Laubenstein, Peter"]
[Black "Schwarz, Dietmar"]
[Result "0-1"]
[WhiteElo "1841"]
[BlackElo "1738"]
[PlyCount "117"]
[EventDate "2017.02.24"]
[EventType "swiss"]
[EventRounds "7"]
[EventCountry "GER"]
[SourceTitle "CBM 177 Extra"]
[Source "ChessBase"]
[SourceDate "2017.04.27"]
[SourceVersion "1"]
[SourceVersionDate "2017.04.27"]
[SourceQuality "1"]

1. Nf3 Nf6 2. g3 g6 3. b3 Bg7 4. Bb2 0-0 5. Bg2 d5 6. d4 Nc6 7. 0-0 e6 8. Nbd2 b6 9. c4 Bb7 10. Rc1 Rc8 11. e3 Re8 12. Re1 Nb4 13. Nf1 Nc6 14. a3 Ne7 15. N1d2 c5 16. Ne5 Nd7 17. Ndf3 Rc7 18. Nxd7 Qxd7 19. Ne5 Qd8 20. Qd2 dxc4 21. Nxc4 Bxg2 22. Kxg2 Nc6 23. Qe2 cxd4 24. exd4 Nxd4 25. Bxd4 Bxd4 26. Rcd1 Qa8+ 27. Kg1 Bg7 28. Rd3 Rd8 29. Red1 Rxd3 30. Qxd3 Bf6 31. Qd6 Rc8 32. Qf4 Kg7 33. Rd7 Rd8 34. Qc7 Rxd7 35. Qxd7 Qd8 36. Qxa7 b5 37. Na5 Qd1+ 38. Kg2 Qd5+ 39. Kg1 Qd1+ 40. Kg2 Qd5+ 41. Kg1 Bd4 42. Qb7 Qc5 43. Qf3 Qxa3 44. Nc6 Qb2 45. Nxd4 Qxd4 46. h3 b4 47. Kh2 e5 48. Kg2 e4 49. Qe3 Qxe3 50. fxe3 Kf6 51. g4 Ke5 52. Kg3 h6 53. h4 f5 54. Kg2 f4 55. Kf2 h5 56. gxh5 gxh5 57. exf4+ Kxf4 58. Ke2 Kg3 59. Ke3 0-1

[Event "Pfalz op-B 8th"]
[Site "Neustadt an der Weinstrasse"]
[Date "2017.02.24"]
[Round "1"]
[White "Baeumer, Frank"]
[Black "Schwarz, Dietmar"]
[Result "1/2-1/2"]
[WhiteElo "1922"]
[BlackElo "1738"]
[PlyCount "34"]
[EventDate "2017.02.24"]
[EventType "swiss"]
[EventRounds "7"]
[EventCountry "GER"]
[SourceTitle "CBM 177 Extra"]
[Source "ChessBase"]
[SourceDate "2017.04.27"]
[SourceVersion "1"]
[SourceVersionDate "2017.04.27"]
[SourceQuality "1"]

1. c4 Nf6 2. Nc3 g6 3. g3 Bg7 4. Bg2 0-0 5. Nf3 d6 6. d4 c6 7. h3 Qc7 8. Be3 Nbd7 9. 0-0 e5 10. Rc1 Re8 11. b4 exd4 12. Nxd4 Ne5 13. Qb3 Be6 14. Nxe6 fxe6 15. Rfd1 Nf7 16. a4 Bh6 17. Bxh6 Nxh6 1/2-1/2